Online katalóg knižníc regiónu Turca

Kaleidoskop (Record no. 22189)

MARC details
000 -LEADER
fixed length control field 01375cam a2200397 a 4500
001 - CONTROL NUMBER
control field 22189
003 - CONTROL NUMBER IDENTIFIER
control field VRT
005 - DATE AND TIME OF LATEST TRANSACTION
control field 20260321122617.0
008 - FIXED-LENGTH DATA ELEMENTS--GENERAL INFORMATION
fixed length control field 240611s1995 xo e 0000f slo
015 ## - NATIONAL BIBLIOGRAPHY NUMBER
National bibliography number SNBA1995/06
020 ## - INTERNATIONAL STANDARD BOOK NUMBER
International Standard Book Number 8085352443
035 ## - SYSTEM CONTROL NUMBER
System control number SNK000021899
039 #9 - LEVEL OF BIBLIOGRAPHIC CONTROL AND CODING DETAIL [OBSOLETE]
Level of rules in bibliographic description 202407311240
Level of effort used to assign nonsubject heading access points csnk01
Level of effort used to assign subject headings 202407230818
Level of effort used to assign classification AUTHORITY
Level of effort used to assign subject headings 202407230817
Level of effort used to assign classification AUTHORITY
Level of effort used to assign subject headings 202406161855
Level of effort used to assign classification csnk01
040 ## - CATALOGING SOURCE
Original cataloging agency SNK
Language of cataloging slo
Transcribing agency SNK
Description conventions AACR2
041 1# - LANGUAGE CODE
Language code of text/sound track or separate title slo
Language code of original eng
044 ## - COUNTRY OF PUBLISHING/PRODUCING ENTITY CODE
MARC country code xo
ISO country code SK
080 ## - UNIVERSAL DECIMAL CLASSIFICATION NUMBER
Universal Decimal Classification number 820 (73)-3
Edition identifier 1981
100 1# - MAIN ENTRY--PERSONAL NAME
Personal name Steel, Danielle,
Dates associated with a name 1947-
Relationship aut
240 10 - UNIFORM TITLE
Uniform title Kaleidoscope
Language of a work Slovensky
245 10 - TITLE STATEMENT
Title Kaleidoskop
Statement of responsibility, etc. Danielle Steel ; preložil Ľubomír Groch
250 ## - EDITION STATEMENT
Edition statement 1. vyd.
260 ## - PUBLICATION, DISTRIBUTION, ETC.
Place of publication, distribution, etc. Bratislava
Name of publisher, distributor, etc. Remedium
Date of publication, distribution, etc. 1995
Place of manufacture Banská Bystrica
Manufacturer Tlačiarne BB
300 ## - PHYSICAL DESCRIPTION
Extent 287 s.
Dimensions 20 cm
500 ## - GENERAL NOTE
General note Preložené z angličtiny
655 #7 - INDEX TERM--GENRE/FORM
Genre/form data or focus term americké romány
Source of term SNKPH
655 #7 - INDEX TERM--GENRE/FORM
Genre/form data or focus term ľúbostné romány
Source of term SNKPH
700 1# - ADDED ENTRY--PERSONAL NAME
Personal name Groch, Ľubomír,
Dates associated with a name 1964-
Relationship trl
942 ## - ADDED ENTRY ELEMENTS (KOHA)
Source of classification or shelving scheme Dewey Decimal Classification
Koha item type Krásna literatúra pre dospelých
Suppress in OPAC No
949 ## - LOCAL PROCESSING INFORMATION (OCLC)
6 270001000023626
a svkbbA 88800
b svkbbm 592756
949 ## - LOCAL PROCESSING INFORMATION (OCLC)
6 3869A08971
a bpksh821.111(73)-31
b bpksh43076
949 ## - LOCAL PROCESSING INFORMATION (OCLC)
6 17A1012738
a snkSC 88482
s 6101:20151012
949 ## - LOCAL PROCESSING INFORMATION (OCLC)
6 17A0016369
9 P60, <05>, [BOOK], {605}
a snkSC 88482 D1
949 ## - LOCAL PROCESSING INFORMATION (OCLC)
6 273K0213087
a svkpoA 166810
b svkpo413961
o PV 79/96
Holdings
Stav vyradenia Strata Poškodenie Spôsob nadobudnutia Domovská knižnica Aktuálna knižnica Dátum nadobudnutia Total checkouts Čiarový kód exemplára Date last seen Typ exemplára
      Dar Obecná knižnica Horná Štubňa Obecná knižnica Horná Štubňa 21.03.2026   4736201905 21.03.2026 Krásna literatúra pre dospelých
Projekt je podporený Slovenskou asociáciou knižníc
Prevádzkuje Turčianska knižnica Martin 2026